<?xml version="1.0" encoding="UTF-8"?><?xml-stylesheet type="text/xsl" href="static/style.xsl"?><OAI-PMH xmlns="http://www.openarchives.org/OAI/2.0/" xmlns:xsi="http://www.w3.org/2001/XMLSchema-instance" xsi:schemaLocation="http://www.openarchives.org/OAI/2.0/ http://www.openarchives.org/OAI/2.0/OAI-PMH.xsd"><responseDate>2026-06-03T23:33:26Z</responseDate><request verb="GetRecord" identifier="oai:riuma.uma.es:10630/37374" metadataPrefix="marc">https://riuma.uma.es/rest/oai/request</request><GetRecord><record><header><identifier>oai:riuma.uma.es:10630/37374</identifier><datestamp>2026-02-03T11:38:14Z</datestamp><setSpec>com_10630_2254</setSpec><setSpec>col_10630_37956</setSpec></header><metadata><record xmlns="http://www.loc.gov/MARC21/slim" xmlns:dcterms="http://purl.org/dc/terms/" xmlns:doc="http://www.lyncode.com/xoai" xmlns:xsi="http://www.w3.org/2001/XMLSchema-instance" xsi:schemaLocation="http://www.loc.gov/MARC21/slim http://www.loc.gov/standards/marcxml/schema/MARC21slim.xsd">
   <leader>00925njm 22002777a 4500</leader>
   <datafield ind2=" " ind1=" " tag="042">
      <subfield code="a">dc</subfield>
   </datafield>
   <datafield ind2=" " ind1=" " tag="720">
      <subfield code="a">Martín-Rojo, Inmaculada Concepción</subfield>
      <subfield code="e">author</subfield>
   </datafield>
   <datafield ind2=" " ind1=" " tag="720">
      <subfield code="a">Gaspar-González, Ana Isabel</subfield>
      <subfield code="e">author</subfield>
   </datafield>
   <datafield ind2=" " ind1=" " tag="720">
      <subfield code="a">Caro González, Francisco Javier</subfield>
      <subfield code="e">author</subfield>
   </datafield>
   <datafield ind2=" " ind1=" " tag="720">
      <subfield code="a">Castellanos Verdugo, Mario</subfield>
      <subfield code="e">author</subfield>
   </datafield>
   <datafield ind2=" " ind1=" " tag="720">
      <subfield code="a">Oviedo García, María de los Ángeles</subfield>
      <subfield code="e">author</subfield>
   </datafield>
   <datafield ind2=" " ind1=" " tag="260">
      <subfield code="c">2008</subfield>
   </datafield>
   <datafield ind2=" " ind1=" " tag="520">
      <subfield code="a">La Responsabilidad Social Corporativa cada vez adquiere mayor importancia en&#xd;
la gestión de las empresas, lo que está llevando a su introducción en las principales agendas de las instituciones públicas y privadas. Entre los sectores económicos estrella en la comunidad autónoma andaluza se encuentra el turismo, de ahí el interés desde el plano económico-social de desarrollar una gestión sostenible y socialmente responsable de estas compañías. Íntimamente relacionado con la Responsabilidad Social Corporativa de las empresas turísticas se encuentra el desarrollo sostenible a nivel no sólo medioambiental, sino también económico, social y cultural.&#xd;
Ante este panorama, se consideró de interés la realización de un trabajo de investigación riguroso sobre la Responsabilidad Social Corporativa versus Desarrollo Sostenible en el sector turístico andaluz y, concretamente, aplicado a un segmento que aún&#xd;
no se le ha concedido la importancia que debería, siendo una especie de “diamante en bruto” en el turismo andaluz: el turismo náutico.</subfield>
   </datafield>
   <datafield ind1="8" ind2=" " tag="024">
      <subfield code="a">978-84-691-7060-1</subfield>
   </datafield>
   <datafield ind1="8" ind2=" " tag="024">
      <subfield code="a">https://hdl.handle.net/10630/37374</subfield>
   </datafield>
   <datafield tag="653" ind2=" " ind1=" ">
      <subfield code="a">Puertos - Gestión</subfield>
   </datafield>
   <datafield tag="653" ind2=" " ind1=" ">
      <subfield code="a">Responsabilidad social de la empresa</subfield>
   </datafield>
   <datafield ind2="0" ind1="0" tag="245">
      <subfield code="a">La responsabilidad social corporativa en los puertos deportivos y clubes náuticos de Andalucía. Diagnóstico y propuestas de mejora para la innovación turística.</subfield>
   </datafield>
</record>
</metadata></record></GetRecord></OAI-PMH>